Informačný systém priestorových údajov na správu inžinierskych sietí a katastra nehnuteľností : Dizertačná práca

Gespeichert in:
Bibliographische Detailangaben
1. Verfasser: Seidlová, Anna (Verfasst von)
Format: Manuskript Buch
Sprache:Slowakisch
Veröffentlicht: Bratislava : STU v Bratislave SvF, 2006
Tags: Tag hinzufügen
Keine Tags, Fügen Sie das erste Tag hinzu!

MARC

LEADER 00000ntm a22000003a 4500
001 stu202975
005 20160721135357.4
008 100430s2006----xo------------------slo-d
040 |a STU  |b slo 
041 0 |a slo 
044 |a xo 
100 1 |a Seidlová, Anna  |4 aut 
245 1 |a Informačný systém priestorových údajov na správu inžinierskych sietí a katastra nehnuteľností :  |b Dizertačná práca 
260 |a Bratislava :  |b STU v Bratislave SvF,  |c 2006 
300 |a 70 s  |c príl. 
996 |b 284V033592  |c V*2643/DP-859  |l VVS  |s P  |a 0  |w stu202975_0001